000 01025nam a2200301Ia 4500
005 20180312122218.0
008 130821s2013 sp ado fr 1 spa
020 _a8481745235 (2a.Ed.)
020 _a9788490227862 (5a.Ed.)
040 _aCo-BoUCM
_bspa
_cJose A. Gerena (modificó)
_d[Nuevo]
041 0 0 _aspa
060 _aQU 4
245 0 0 _aBioquímica clínica
_cAllan Gaw...[y otros]
_btexto y atlas en color
250 _a5a ed
260 _aMadrid (España)
_bElsevier
_c2013
300 _a163 páginas
_bilustraciones, cuadros, gráficas, fotografías
504 _aIncluye referencias bibliográficas e índices
650 0 7 _aAminoácidos
_98900
650 0 7 _aBioquímica
_910154
650 0 7 _aCélulas
_910643
650 0 7 _aProteínas
_922655
690 _942751
_aBioquímica
700 _aStewart, Michael J.
_969695
700 1 _aCowon, Robert A.
_969696
700 1 _aGaw, Allan
_969697
765 1 _aClinical biochemistry. an illustrated colour text
942 _cLIBRO
_a15
_e5
_mB615
_2NLM
_hQU 4
_n0
999 _c52637
_d52637